Introducción a la investigación pedagógica/ (Registro nro. 8719)

Detalles MARC
000 -LEADER
fixed length control field 01404nam a2200217Ia 4500
005 - FECHA Y HORA DE LA ÚLTIMA TRANSACCIÓN
control field 20230725153455.0
008 - FIXED-LENGTH DATA ELEMENTS--GENERAL INFORMATION
fixed length control field 230725s9999 xx 000 0 und d
020 ## - INTERNATIONAL STANDARD BOOK NUMBER
International Standard Book Number 968-25-0741-3
040 ## - CATALOGING SOURCE
Original cataloging agency UPAN
Transcribing agency Biblioteca San Vicente
Description conventions RCAA2
041 ## - LANGUAGE CODE
Language code of text/sound track or separate title spa
082 ## - DEWEY DECIMAL CLASSIFICATION NUMBER
Classification number 371.102
Item number T359e
año de publicación 1987
100 ## - MAIN ENTRY--PERSONAL NAME
Personal name Ary, Donald
Relator code aut.
245 #0 - TITLE STATEMENT
Title Introducción a la investigación pedagógica/
Statement of responsibility, etc Donald Ary, Lucy Cheser Jacobs
250 ## - EDITION STATEMENT
Edition statement 2° ed.
260 ## - PUBLICATION, DISTRIBUTION, ETC. (IMPRINT)
Place of publication, distribution, etc México:
Name of publisher, distributor, etc Interamericana,
Date of publication, distribution, etc 1987
300 ## - PHYSICAL DESCRIPTION
Extent 410 p.;
Dimensions 23 cm.
505 ## - FORMATTED CONTENTS NOTE
Formatted contents note Primera parte: fundamentos <br/>1. El método científico en la educación <br/>Segunda parte: datos esenciales de la investigación<br/>2. El problema de la investigación<br/>3. Literatura sobre el tema de estudio<br/>4. La hipótesis<br/>tercera parte: Análisis estadístico<br/>5. Estadística descriptiva<br/>6. Muestreo inferencial o estadístico<br/>Cuarta parte: Instrumento de investigación <br/>7. Fundamentos de medición<br/>8. Validez y confiabilidad<br/>Quinta parte: Métodos de investigación<br/>9. Investigación experimental y educación <br/>10. Investigación Ex Post Facto<br/>11. Investigación descriptiva<br/>Sexta parte: Comunicación de la investigación <br/>12. Normas para redactar proyectos de investigación<br/>13. Análisis, interpretación y comunicación de los resultados <br/><br/>
650 ## - SUBJECT ADDED ENTRY--TOPICAL TERM
Source of heading or term LEMB
Form subdivision Investigación
General subdivision Pedagogía
9 (RLIN) 3
700 ## - ADDED ENTRY--PERSONAL NAME
Personal name Razavieh, Asghar
Relator code aut.
942 ## - ADDED ENTRY ELEMENTS (KOHA)
Koha item type Libros
Source of classification or shelving scheme Dewey Decimal Classification
Existencias
Withdrawn status Lost status Source of classification or shelving scheme Damaged status Not for loan Collection code Home library Current library Date acquired Total Checkouts Full call number Barcode Date last seen Copy number Price effective from Koha item type
    Dewey Decimal Classification     Colección General Biblioteca UPAN San Vicente Biblioteca UPAN San Vicente 25/07/2023   371.102 T359e 12001315 25/07/2023 01 25/07/2023 Libros